| 000 | 01311nam a2200253 a 4500 | ||
|---|---|---|---|
| 001 | 000369883 | ||
| 003 | AM-YeHGA | ||
| 005 | 20250617131853.0 | ||
| 008 | 041014s1984 ||| r 000 0 rus d | ||
| 040 | _aAM-YeHGA | ||
| 041 | 1 |
_arus _heng |
|
| 100 | 1 | _aПанова, Вера Федоровна. | |
| 245 | 1 | 0 |
_aСерёжа : _bНесколько историй из жизни очень маленького мальчика : Кн. для чтения с коммент. на англ. яз. и словарём / _cВ.Ф. Панова; Пер. В.Н. Короткий; Сост. коммент. и слов. П.-М. В. Мамсурова. |
| 246 | 3 | 5 |
_aSerуozha : _bA Few Histories from the Life of a Very Small Boy : A Russian Reader with Explanatory Notes and Vocabulary |
| 250 | _a3-е изд. | ||
| 260 |
_aМосква : _bРус. яз., _c1984. |
||
| 300 | _a229 с. | ||
| 440 | 0 | _aДомашнее чтение 2. Средний этап обучения | |
| 653 | 0 | _aРусский язык - Хрестоматии для нерусских | |
| 653 | 0 | _aРусский язык для нерусских - Хрестоматии | |
| 700 | 1 |
_aКороткий, В.Н. _eпер. _4trl |
|
| 700 | 1 |
_aМамсурова, П.-М. В. _eсост. коммент. _4cmm |
|
| 090 | _c142741 | ||
| 999 |
_c141361 _d141361 |
||